000 00572nam a2200205Ia 4500
001 1535
003 GE_BSU
008 181216s||||||||xx |||||||||||||| ||und||
020 _a5713304795
040 _cGE_BSU
245 _aМеждународное право.
245 _bУчебник. Дипломатическая Акад. МИД РФ
260 _aМосква
260 _b,,Международные отношения
260 _c1994
300 _a608стр.
541 _h15л.
653 _aМеждународное право.
942 _cBK
999 _c35662
_d35662